[Event "FSGM 2024.09"]
[Site "Budapest HUN"]
[Date "2024.09.08"]
[Round "2.4"]
[White "Sai Krishna, GV."]
[Black "Di Benedetto, Edoardo"]
[Result "1/2-1/2"]
[WhiteElo "2402"]
[BlackElo "2401"]
[PlyCount "139"]
[EventDate "2024.09.07"]
[EventType "tourn"]
[EventRounds "9"]
[EventCountry "HUN"]
[EventCategory "6"]
[Source "ChessMix "]
[SourceDate "2024.09.20"]

1. e4 e6 2. d4 d5 3. Nc3 Nf6 4. e5 Nfd7 5. f4 c5 6. Nf3 Nc6 7. Be3 a6 8. Qd2 b5
9. a3 Bb7 10. Qf2 Qa5 11. Ra2 b4 12. axb4 Qxb4 13. Bd2 Nxd4 14. Nxd4 Qxd4 15.
Qe2 Nb6 16. Nb5 axb5 17. Qxb5+ Nd7 18. Qxb7 Rd8 19. Bb5 Be7 20. Ra4 c4 21.
Bxd7+ Rxd7 22. Qb5 Bd8 23. Ra6 Qe4+ 24. Kd1 Qxg2 25. Re1 d4 26. Rd6 Qb7 27. Qa4
c3 28. bxc3 dxc3 29. Bxc3 Qa7 30. Re4 Be7 31. Rxd7 Qxd7+ 32. Bd2 Qxa4 33. Rxa4
O-O 34. Be3 Rc8 35. c4 f6 36. exf6 gxf6 37. Kd2 Kf7 38. Kd3 Bc5 39. Bxc5 Rxc5
40. Kd4 Rf5 41. Ke4 Rh5 42. Ra7+ Ke8 43. Kd4 Kd8 44. Rf7 Ke8 45. Rg7 h6 46. c5
Rxh2 47. c6 Kd8 48. Kc5 e5 49. f5 e4 50. Rd7+ Kc8 51. Re7 h5 52. Kd6 Rd2+ 53.
Ke6 h4 54. Kxf6 h3 55. Rxe4 h2 56. Rh4 Kc7 57. Ke7 Re2+ 58. Kf7 Kxc6 59. f6 Kd7
60. Kf8 Ke6 61. f7 Rf2 62. Rh6+ Rf6 63. Rxf6+ Kxf6 64. Ke8 h1=Q 65. f8=Q+ Ke5
66. Qe7+ Kd4 67. Qd6+ Kc4 68. Qe6+ Qd5 69. Ke7 Qxe6+ 70. Kxe6 1/2-1/2

[Event "FSGM 2024.09"]
[Site "Budapest HUN"]
[Date "2024.09.09"]
[Round "3.3"]
[White "Citak, Selim"]
[Black "Sai Krishna, GV."]
[Result "0-1"]
[WhiteElo "2416"]
[BlackElo "2402"]
[PlyCount "92"]
[EventDate "2024.09.07"]
[EventType "tourn"]
[EventRounds "9"]
[EventCountry "HUN"]
[EventCategory "6"]
[Source "ChessMix "]
[SourceDate "2024.09.20"]

1. d4 Nf6 2. c4 g6 3. Nc3 Bg7 4. e4 d6 5. Be2 O-O 6. Nf3 e5 7. d5 Nbd7 8. Bg5
h6 9. Bh4 g5 10. Bg3 Nh5 11. h4 g4 12. Nh2 Nxg3 13. fxg3 h5 14. O-O Bh6 15. Bd3
Nc5 16. Bc2 a5 17. Qe2 Qe7 18. Rae1 Bd7 19. Rf2 Rae8 20. Nf1 f5 21. exf5 e4 22.
Nxe4 Nxe4 23. Bxe4 Qf6 24. Qd1 Re5 25. Bb1 Bxf5 26. Rxe5 Qxe5 27. Rxf5 Rxf5 28.
Bxf5 Qxf5 29. Qe1 Bg7 30. Qe8+ Kh7 31. Qe2 Be5 32. b3 Kg7 33. Kh2 Qf6 34. Kg1
Bd4+ 35. Kh2 Be5 36. Kg1 Kf7 37. Qe4 Kf8 38. a4 Bd4+ 39. Ne3 Bc5 40. Qd3 Bb6
41. Qe4 Bc5 42. Qd3 c6 43. Qd2 Qe5 44. Kf2 cxd5 45. cxd5 Kf7 46. Qd3 Kf6 0-1

[Event "FSGM 2024.09"]
[Site "Budapest HUN"]
[Date "2024.09.10"]
[Round "4.3"]
[White "Sai Krishna, GV."]
[Black "Sathvik, Adiga"]
[Result "0-1"]
[WhiteElo "2402"]
[BlackElo "2378"]
[PlyCount "84"]
[EventDate "2024.09.07"]
[EventType "tourn"]
[EventRounds "9"]
[EventCountry "HUN"]
[EventCategory "6"]
[Source "ChessMix "]
[SourceDate "2024.09.20"]

1. e4 e5 2. Nf3 Nc6 3. Bb5 a6 4. Ba4 Nf6 5. O-O b5 6. Bb3 Bc5 7. a4 Rb8 8. c3
d6 9. d4 Bb6 10. a5 Ba7 11. h3 O-O 12. Be3 exd4 13. cxd4 Nb4 14. Nc3 Bb7 15.
Ng5 Qe7 16. e5 dxe5 17. Nxf7 exd4 18. Bxd4 Bxd4 19. Ne5+ Nbd5 20. Qxd4 Rbd8 21.
Qa7 Ba8 22. Nd3 Kh8 23. Rae1 Qd6 24. Nc5 Nxc3 25. bxc3 Bxg2 26. Re6 Qf4 27.
Kxg2 Ng4 28. hxg4 Qxg4+ 29. Kh1 Rf5 30. Qxc7 Qh3+ 31. Kg1 Rg5+ 32. Qg3 Rxg3+
33. fxg3 Qxg3+ 34. Kh1 Qh4+ 35. Kg2 Qg5+ 36. Kh3 Qxc5 37. Rf3 Qh5+ 38. Kg3 Qg5+
39. Kf2 h5 40. Rxa6 Qd2+ 41. Kf1 Qc1+ 42. Kg2 Qb2+ 0-1

[Event "FSGM 2024.09"]
[Site "Budapest HUN"]
[Date "2024.09.11"]
[Round "5.4"]
[White "Ohanyan, Emin"]
[Black "Sai Krishna, GV."]
[Result "0-1"]
[WhiteElo "2514"]
[BlackElo "2402"]
[PlyCount "110"]
[EventDate "2024.09.07"]
[EventType "tourn"]
[EventRounds "9"]
[EventCountry "HUN"]
[EventCategory "6"]
[Source "ChessMix "]
[SourceDate "2024.09.20"]

1. e4 e5 2. Nf3 Nc6 3. Bc4 Nf6 4. Ng5 d5 5. exd5 Na5 6. Bb5+ c6 7. dxc6 bxc6 8.
Qf3 Be7 9. Bd3 h6 10. Ne4 Nd5 11. Ng3 g6 12. O-O f5 13. Re1 e4 14. Nxe4 fxe4
15. Bxe4 Rf8 16. Qg3 Kd7 17. Bxd5 cxd5 18. Qxg6 Qb6 19. Qxb6 axb6 20. d4 Bb4
21. Nd2 Kc6 22. c3 Bd6 23. a4 Bf5 24. b4 Nc4 25. Nxc4 dxc4 26. f3 Rf6 27. Be3
Bc7 28. Bf2 Bc2 29. Bh4 Rg6 30. b5+ Kd5 31. Re2 Bd3 32. Re7 Bd6 33. Rd7 Bf5 34.
Rf7 Bc2 35. Re1 Re6 36. Rxe6 Kxe6 37. Rf6+ Kd5 38. Rxh6 Rxa4 39. Rh5+ Ke6 40.
Rh6+ Kd5 41. Rh5+ Ke6 42. Rh6+ Kd7 43. Bg3 Bxg3 44. hxg3 Ra3 45. g4 Rxc3 46. g5
Rb3 47. g6 Rxb5 48. g7 Rg5 49. Rxb6 Bh7 50. f4 c3 51. fxg5 c2 52. Rh6 c1=Q+ 53.
Kh2 Qf4+ 54. Kh1 Bg8 55. Rh8 Bd5 0-1

[Event "FSGM 2024.09"]
[Site "Budapest HUN"]
[Date "2024.09.12"]
[Round "6.2"]
[White "Sai Krishna, GV."]
[Black "Posthuma, Joshua"]
[Result "1-0"]
[WhiteElo "2402"]
[BlackElo "2409"]
[PlyCount "77"]
[EventDate "2024.09.07"]
[EventType "tourn"]
[EventRounds "9"]
[EventCountry "HUN"]
[EventCategory "6"]
[Source "ChessMix "]
[SourceDate "2024.09.20"]

1. e4 c6 2. d4 d5 3. Nc3 dxe4 4. Nxe4 Nf6 5. Nxf6+ exf6 6. c3 Bd6 7. Bd3 O-O 8.
Qc2 Re8+ 9. Ne2 f5 10. Be3 f4 11. Bd2 Bg4 12. f3 Qh4+ 13. Kf1 Be6 14. Qc1 g5
15. Qd1 Qh5 16. Kg1 Nd7 17. h4 g4 18. Bxf4 gxf3 19. Bxd6 fxe2 20. Qxe2 Bg4 21.
Qc2 Re6 22. Bg3 Nf6 23. Rf1 Nd5 24. Qd2 f5 25. Be5 Rg6 26. Rf2 h6 27. c4 Nb6
28. Qb4 Re8 29. c5 Nd5 30. Qxb7 Bf3 31. Rh3 Bg4 32. Rh2 f4 33. Bxg6 Qxg6 34. h5
Qf7 35. Qxf7+ Kxf7 36. Rh4 Bd1 37. Bxf4 Kg7 38. Be5+ Kg8 39. Rh3 1-0

[Event "FSGM 2024.09"]
[Site "Budapest HUN"]
[Date "2024.09.12"]
[Round "7.5"]
[White "Seres, Lajos"]
[Black "Sai Krishna, GV."]
[Result "1-0"]
[WhiteElo "2324"]
[BlackElo "2402"]
[PlyCount "115"]
[EventDate "2024.09.07"]
[EventType "tourn"]
[EventRounds "9"]
[EventCountry "HUN"]
[EventCategory "6"]
[Source "ChessMix "]
[SourceDate "2024.09.20"]

1. d4 Nf6 2. c4 g6 3. Nc3 Bg7 4. e4 d6 5. Be2 O-O 6. Nf3 Bg4 7. Be3 c5 8. dxc5
Qa5 9. Nd2 Bxe2 10. Qxe2 dxc5 11. Nb3 Qc7 12. Bxc5 Na6 13. Ba3 Rfc8 14. e5 Nd7
15. Nd5 Qxe5 16. Nxe7+ Kh8 17. Nxc8 Rxc8 18. Qxe5 Nxe5 19. O-O Nxc4 20. Rac1
Rc7 21. Rfd1 Bf6 22. Nd2 Nxa3 23. Rxc7 Nxc7 24. bxa3 Nb5 25. Ne4 Nc3 26. Nxc3
Bxc3 27. Rd7 Kg7 28. Rxb7 Bd4 29. Kf1 h5 30. Ke2 g5 31. f3 h4 32. Kd3 Bg1 33.
Ke4 Kg6 34. h3 f6 35. a4 Bf2 36. a5 Bc5 37. a6 Bg1 38. a4 Bf2 39. a5 Bg1 40.
Rb6 Bf2 41. Re6 Bg1 42. Kd5 Kf5 43. Re4 Bf2 44. Kc6 Kg6 45. Kb7 Kf7 46. Kb8 Bg1
47. Rb4 Ke6 48. Rb6+ axb6 49. a7 Bh2+ 50. Kb7 bxa5 51. a8=Q Kf5 52. Qxa5+ Be5
53. Qa4 Ke6 54. Kc6 Kf5 55. Kd5 Kg6 56. Ke6 Bf4 57. Qe8+ Kg7 58. Qf7+ 1-0

[Event "FSGM 2024.09"]
[Site "Budapest HUN"]
[Date "2024.09.13"]
[Round "8.1"]
[White "Akshat, Khamparia"]
[Black "Sai Krishna, GV."]
[Result "1/2-1/2"]
[WhiteElo "2371"]
[BlackElo "2402"]
[PlyCount "138"]
[EventDate "2024.09.07"]
[EventType "tourn"]
[EventRounds "9"]
[EventCountry "HUN"]
[EventCategory "6"]
[Source "ChessMix "]
[SourceDate "2024.09.20"]

1. d4 Nf6 2. c4 g6 3. Nc3 Bg7 4. e4 O-O 5. Be2 d6 6. Be3 Nc6 7. d5 Ne5 8. f4
Neg4 9. Bd2 Nh6 10. Nf3 c6 11. a4 cxd5 12. cxd5 e6 13. dxe6 Bxe6 14. O-O d5 15.
e5 Qb6+ 16. Kh1 Nfg4 17. Qe1 Nf5 18. a5 Qxb2 19. Rb1 Qa3 20. Nb5 Qe7 21. Nfd4
Nxd4 22. Nxd4 Rfc8 23. Bb4 Qd7 24. Bb5 Qd8 25. a6 bxa6 26. Bxa6 Rcb8 27. Nc6
Qd7 28. Nxb8 Rxb8 29. Bd6 Rb6 30. h3 Nh6 31. Bc5 Bf8 32. Bxb6 axb6 33. Rxb6 Qa7
34. Qa5 Nf5 35. Rfb1 h6 36. Rxe6 fxe6 37. Qb6 Qd7 38. Rc1 Qa4 39. Qxe6+ Kh7 40.
Rc6 Nh4 41. f5 Qd1+ 42. Kh2 Nf3+ 43. gxf3 Qd2+ 44. Kh1 Qe1+ 45. Kg2 Qd2+ 46.
Kf1 Qd1+ 47. Kf2 Qd4+ 48. Ke2 Qb2+ 49. Kd3 Qb3+ 50. Kd4 Qb4+ 51. Kxd5 Qd2+ 52.
Ke4 Qe1+ 53. Kd4 Qg1+ 54. Kc3 Qc1+ 55. Kb3 Qb1+ 56. Kc3 Qc1+ 57. Kd3 Qd1+ 58.
Ke3 Qg1+ 59. Ke2 Qg2+ 60. Kd1 Qg1+ 61. Kc2 Qf2+ 62. Kb3 Qxf3+ 63. Rc3 Qd1+ 64.
Kc4 Qe2+ 65. Kb3 Qd1+ 66. Kb2 Qd2+ 67. Rc2 Qd4+ 68. Rc3 Qd2+ 69. Kb3 Qd1+
1/2-1/2

[Event "FSGM 2024.09"]
[Site "Budapest HUN"]
[Date "2024.09.14"]
[Round "9.5"]
[White "Sai Krishna, GV."]
[Black "Dobrikov, Marco"]
[Result "1/2-1/2"]
[WhiteElo "2402"]
[BlackElo "2369"]
[PlyCount "72"]
[EventDate "2024.09.07"]
[EventType "tourn"]
[EventRounds "9"]
[EventCountry "HUN"]
[EventCategory "6"]
[Source "ChessMix "]
[SourceDate "2024.09.20"]

1. e4 c5 2. Nf3 d6 3. d4 cxd4 4. Nxd4 Nf6 5. Nc3 a6 6. Bg5 e6 7. f4 Be7 8. Qf3
Qc7 9. O-O-O Nbd7 10. g4 h6 11. Bxf6 Bxf6 12. h4 Nb6 13. Be2 Bd7 14. g5 Bxd4
15. Rxd4 O-O-O 16. Rhd1 Bc6 17. a4 d5 18. e5 hxg5 19. hxg5 g6 20. a5 Nd7 21. b4
Rh2 22. Rh1 Rdh8 23. Rxh2 Rxh2 24. Qg3 Rh8 25. Kb2 b5 26. Rd2 Qa7 27. Nd1 Kc7
28. Nf2 Rh7 29. Ng4 Nb8 30. Bf3 Nd7 31. c3 Kd8 32. Bd1 Ke7 33. Nh6 Ke8 34. Rh2
Nf8 35. Be2 Bd7 36. Ka3 Bc6 1/2-1/2